00492nam a2200157 i 4500001000300000100002300003245005900026260002100085040000800106041000800114942000700122008004100129999001700170856009800187952004900285bg1 aSKARŻYŃSKI, Z. 0aMały słownik rumuńsko-polski /cZ. Skarżyński. aWarszawa,c1984. cBPK apol cKS s pl f |000 0 pol  c22705d22705 uhttp://koha.tu.koszalin.pl/cgi-bin/koha/opac-detail.pl?biblionumber=22705yKatalog online BPK 00104070aBPKbBPKcwo31932p01599077yKS